C-algebras and applications to physics
Saved in:
| Main Authors: | , |
|---|---|
| Format: | Book |
| Language: | English |
| Published: |
Berlín
Springer-Verlag
1978
|
| Series: | Lecture Notes in Mathematics, 650
|
| Subjects: | |
| Tags: |
Add Tag
No Tags, Be the first to tag this record!
|
MARC
| LEADER | 00000nam a2200000 a 4500 | ||
|---|---|---|---|
| 001 | UCP3043 | ||
| 003 | CL-VaPUC | ||
| 005 | 20210505001603.0 | ||
| 008 | 990604e19780000gw 1 eng d | ||
| 082 | 0 | 4 | |a 512.55 |b ARA |2 21 |
| 100 | 1 | |a Araki, H |e author |9 619527 | |
| 700 | 1 | |a Kadison, R. V |e author |9 619528 | |
| 245 | 1 | 0 | |a C-algebras and applications to physics |
| 260 | |a Berlín |b Springer-Verlag |c 1978 | ||
| 300 | |a 191 p | ||
| 490 | 0 | |a Lecture Notes in Mathematics, 650 | |
| 583 | |a last modification |c 19990604 00:00:00 |k Rodrigo Vera | ||
| 650 | 0 | 7 | |a C-ALGEBRAS |2 CL-VaPUC |9 430106 |
| 650 | 0 | 0 | |a Física matemática |9 260981 |
| 650 | 0 | 7 | |a GRUPOS AUTOMORFICOS |2 CL-VaPUC |9 423680 |
| 942 | |c BK | ||
| 945 | |a crobeson |d 19990604 00:00:00 | ||
| 546 | |a En Inglés | ||
| 518 | |p Japan-U.S. Seminar on C-Algebras and applications to Physics, Los Angeles, 18 al 22 de abril de 1977 | ||
| 999 | |c 383442 |d 383440 | ||
| 952 | |0 0 |1 0 |4 0 |6 512_550000000000000_ARA_1978 |7 0 |8 A |9 505560 |a BIBMAT |b BIBMAT |d 2020-01-23 |i 1347640 |o 512.55 ARA 1978 |p 1347640 |r 2025-01-07 |w 2020-01-23 |y BK |k MAT | ||